Design of prestressed concrete structures (Record no. 24655)

000 -LEADER
fixed length control field 00498nam a22001811 4500
001 - CONTROL NUMBER
control field 24655
003 - CONTROL NUMBER IDENTIFIER
control field BD-DhUET
008 - FIXED-LENGTH DATA ELEMENTS--GENERAL INFORMATION
fixed length control field 750617s1955 nyua 000 0 eng
040 ## - CATALOGING SOURCE
Original cataloging agency DLC
Transcribing agency DLC
Modifying agency BD-DhUET
082 ## - DEWEY DECIMAL CLASSIFICATION NUMBER
Classification number 624.183
Item number LIN/1955
100 ## - MAIN ENTRY--PERSONAL NAME
Personal name Lin, T. Y.
245 10 - TITLE STATEMENT
Title Design of prestressed concrete structures
250 ## - EDITION STATEMENT
Edition statement 1st ed.
260 ## - PUBLICATION, DISTRIBUTION, ETC. (IMPRINT)
Place of publication, distribution, etc. Bombay
Name of publisher, distributor, etc. Asia publishing house
Date of publication, distribution, etc. 1955
300 ## - PHYSICAL DESCRIPTION
Extent 456p.
Other physical details illus.
Dimensions 24 cm.
650 #0 - SUBJECT ADDED ENTRY--TOPICAL TERM
Topical term or geographic name as entry element Prestressed concrete : Structural engineering
942 ## - ADDED ENTRY ELEMENTS (KOHA)
Koha item type General Book
Holdings
Damaged status Location (home branch) Piece designation (barcode) Date acquired Withdrawn status Not for loan Koha item type Lost status Shelving location Price effective from Copy number Koha normalized classification for sorting Koha full call number Sublocation or collection (holding branch) Koha date last seen Source of classification or shelving scheme
 Central Library, BUET666892015-05-10  General Book Circulation section2015-05-101624_183000000000000_LIN_1955624.183/LIN/1955Central Library, BUET2015-05-10 
 Central Library, BUET401192015-06-22  Reading Item Reading section2015-06-222624_183000000000000_LIN_1955624.183/LIN/1955Central Library, BUET2015-06-22